000 00534nmm a2200193Ia 4500
008 251105s9999||||xx |||||||||||||||||und||
020 _a9788490654958
041 _aspa
100 _aKlam, Matthew
245 0 _a¿Quién es Rich?
264 _a[Madrid, España] :
_bAlba Editorial,
_c2018
300 _a392 páginas
490 _aAlba Contemporánea
650 _aNorth American narrative
700 _aKlam, Matthew
700 1 _a Cuéllar, Jesús
856 _uhttps://public.digitaliapublishing.com/a/80235
942 _cCF
999 _c67491
_d67491